000 00496nam a2200169 i 4500
001 69982
003 ES-MaACL
005 20231227184717.0
007 t|
008 040714s1949 sp ||||1| spa d
100 1 _aGarcía Martí, Victoriano,
_d1881-1966
_954896
245 1 3 _aLa vida no es sueño
_b: ensayo /
_cVictoriano García Martí.
260 _aMadrid :
_bDossat,
_c[1949] (
_fBiosca)
300 _a178 p. ;
_c20 cm.
852 _aES-MaACL
_jB-12817
_bR.27341
999 _c69982
_d69982